000 00746nam a2200229 a 4500
001 000009327
005 20240530073911.0
008 090929s2007 dr a r 001 0 spa d
040 _aDO-SdBNP
_bspa
_cBNPHU
082 _aRD863.5
_bG216p
100 1 _aGarcía Jorge, Enrique,
_d1975-
_91537
245 1 3 _aEl precio de los sueños /
_cEnrique García Jorge.
260 _aSanto Domingo :
_bSantuario,
_c2007.
300 _a90 p. ;
_c22 cm.
490 1 _aSantuario
_v12
500 _aIncluye datos biográficos del autor en la solapa de la cubierta
590 _aInventariado, 2019/BT
650 0 _aNovela dominicana
_9223
650 0 _aLiteratura dominicana.
_967
830 0 _aSantuario
_n12
_924069
910 _aValidado. control de calidad. MFF
999 _c9087
_d9087